MDQL
is popping MORE tags! Check the
thread
!
Quizzes
Events
Quiz Creation
Community
Videos
Private Events
Remove Ads
Sign In
Join for FREE
Feedback
Dark Mode
Quiz Categories
Sports
Geography
Music
Movies
Television
Just For Fun
Miscellaneous
History
Literature
Language
Science
Gaming
Entertainment
Religion
Holiday
For Kids
Quiz Lab
Recent
Popular Today
Quiz Kudos Today
Editor Picks
Curator Picks
Quizzes by...
Day
Popularity
Type
Ratings
Length
Year
Community
Subscriptions
Recent Discussions
Orange Saloon
Badges
Playlists
Quests
Create
Leaderboards
Showdown
Live 5
Trivia Bingo
Activity
Puzzle Library
Sporcle Events
Private Events
Virtual Trivia
Globe League
Become a Host
Pub Owners
SporcleCon
Opinionation
Our Games
Videos
Blog
Mobile Apps
Partnerships
Remove Ads and Go Orange
Feedback
Just For Fun
Clickable
Get the Picture
Humor
Quick Pick
Word Ladder
Missing Word
Mixed Word
Blitz
Minefield
This or That
Alphabet
Color
Typing
Sporcle
Puzzle
Word Play
Follow That Line
Logic
Just For Fun
Clickable
Get the Picture
Humor
Quick Pick
Word Ladder
Missing Word
Mixed Word
Blitz
Minefield
This or That
Alphabet
Color
Typing
Sporcle
Puzzle
Word Play
Follow That Line
Logic
Random Quiz
Search Sporcle
×
Quiz Lab
Quiz Lab
Just For Fun
Greek
Type in answers that appear in a list
Type in answers that appear in a list
Classic
Best Score? Go Orange.
Greek Organizations in Ottawa Stats
Can you name the Greek Organizations in Ottawa
By
deltaclasshelp
15m
25 Questions
42 Plays
42 Plays
42 Plays
Comments
Comments
Give Quiz Kudos
Give Quiz Kudos
-
- Ratings
hide this ad
Random Order
Randomize order of answers
Randomize order of answers
Replay
Link that replays current quiz
Next Quiz
Link to next quiz in quiz playlist
You Got
0%
They Got
Avg Score
85%
Avg Friend Score
Upgrade to see
Score Distribution
Jump to the score distribution portion of the page
Score
0/25
Timer
15:00
0
Plays Today
Hint
Answer
% Correct
International Fraternity at Carleton
Acacia
95.2%
Local Sorority at Both
Xi Delta Theta
95.2%
International Sorority at uOttawa
Delta Delta Delta
95.2%
International Fraternity at Carleton
Tau Kappa Epsilon
92.9%
National Sorority at Carleton
Alpha Pi Phi
92.9%
International Fraternity at Both
Alpha Epsilon Pi
90.5%
International Fraternity at Carleton
Beta Theta Pi
90.5%
International Fraternity at Carleton
Kappa Sigma
90.5%
International Fraternity at Carleton
Sigma Pi
90.5%
International Sorority at Carleton
Alpha Omicron Pi
90.5%
Local Sorority at Carleton
Tau Sigma Phi
90.5%
International Fraternity at uOttawa
Sigma Chi
90.5%
International Sorority at Carleton
Phi Sigma Sigma
88.1%
Hint
Answer
% Correct
Local Sorority at Carleton
Kappa Delta Beta
88.1%
National Sorority at Carleton
Delta Psi Delta
85.7%
International Sorority at uOttawa
Alpha Phi
85.7%
International Fraternity at uOttawa
Sigma Alpha Mu
83.3%
Local Sorority at uOttawa
Nu Sigma Pi
83.3%
International Fraternity at Carleton
Omega Psi Phi
81%
Local Fraternity at uOttawa
Omega Theta Alpha
81%
Local Sorority at uOttawa
Zeta Theta Xi
78.6%
Local Sorority at uOttawa
Sigma Beta Phi
71.4%
Local Sorority at uOttawa
Omega Phi Sigma
71.4%
Local Sorority at uOttawa
Theta Sigma Psi
69%
Local Sorority at uOttawa
Sigma Psi Alpha
69%
Quiz Playlist
Details
Report
Send in Message
Add To Playlist
Classic:
Type in answers that appear in a list
Random Order:
Randomize order of answers
Last Updated: Feb 16, 2017
Quiz Scoreboard
CHALLENGE
Sign Up to Join the Scoreboard
Show All
Scores
Hide
Comments
May contain spoilers
Recently Published
Colored Red Africa Blitz
by spor1
Geography
30s
Find the 'City' Movie
by crazypaving
Movies
60s
5x2 Blitz: Bands
by SL_Kpop136
Music
30s
More to Explore
Quiz From the Vault
Featured Blog Post
14 Easter Pick-up Lines to Find Eggs With
hide this ad
You Might Also Like...
Tags
Greek
Organization
Ottawa
Today's Top Quizzes in Just For Fun
Browse Just For Fun
hide this ad
Today's Top Quizzes in Greek
Browse Greek
Top Contributed Quizzes in Just For Fun
1
Name Just One - 10 to 1: Just For Fun
2
Missing Word: 2-Letter A-Z II
3
Survivor Winners Logic Puzzle
4
Avatar the Last Airbender: Logic Puzzle
5
Quick 5-Color Logic (18)
6
Shadowhunters Protagonists Logic Quiz
7
Medium Renzoku Puzzle 11
8
Killer Double Trees 224 - Colour Match-Up
9
Missing Word: 'Of' Things A-Z
10
Ultimate Minefield Blitz VIII
Explore More
Trending Topics
Marvel
Crossword
Disney
Anime
NBA
Kpop
Harry Potter
Puzzle
Song
Soccer
WWE
NFL
The Office
Pokémon
Country
hide this ad
More By:
deltaclasshelp
Quiz
Plays
Rating
Category
Featured
Created
Greek Organizations in Ottawa
42
Just For Fun
Mar 10, 2014
Go to Creator's Profile
Score Distribution
Quiz Creator Spotlight
deltaclasshelp
Follow
Send a Message
Quizzes Created
-
Created Quiz Play Count
-
More By This Creator
Popular Quizzes Today
1
Colored Red Africa Blitz
2
Find the 'City' Movie
3
Find the US States - No Outlines Minefield
4
5x2 Blitz: Bands
5
The Countries of the World
6
Find the US States
7
US States
8
9x9 Crossword: Cartoon Network
More Just For Fun Quizzes
Quick Pick: Most Games Played (NBA)
Published
Trending Quizzes
Colored Red Europe Blitz I
Colored Red Europe Blitz II
Colored Red Africa Blitz II
Colored Red Africa Blitz III
Colored Red Europe Blitz III
Recently Updated
Grab Bag: 4-10 Letters
pecheneg
2024 March Madness Bracket
pecheneg
Famous TV Couples
Peacemaker
Champions League XIs: Real Madrid
pecheneg
Largest US Cities 1790-2010
pecheneg
Rides in Walt Disney World
pecheneg
Most Oscar Losses (Acting)
pecheneg
Beyoncé Albums
pecheneg
Leaping Animals
pecheneg
Reality TV Shows (A-Z)
bhenderson79
Trending Topics
Crossword
NBA
Disney
Kpop
Harry Potter
Anime
Marvel
Song
Pokémon
Puzzle
The Office
Country
WWE
Soccer
NFL
Your Account Isn't Verified!
In order to create a playlist on Sporcle, you need to verify the email address you used during registration. Go to your
Sporcle Settings
to finish the process.
Report this User
Report this user for behavior that violates our
Community Guidelines
.
Details:
Send Report
Go to the Sporcle.com Mobile Site →
Comments